000 00996nam a2200217 u 4500
001 000765485
003 AM-YeHGA
005 20250617143757.0
008 101014s1984 ||| r 000 0 rus d
040 _aAM-YeHGA
041 0 _arus
100 1 _aЛисин, Олег Георгиевич
245 1 0 _aЭллипсометрический метод в голографической интерферометрии /
_cО.Г. Лисин; АН СССР, Сиб. отд-ние, Якут. фил., Ин-т физ.-техн. пробл. Севера.
260 _aЯкутск :
_bЯФ СО АН СССР,
_c1984.
300 _a122 с. :
_bил.
504 _aБиблиогр.: с. 112-114
653 0 _aИнтерферометрия голографическая
710 2 _aАкадемия наук СССР
_bСибирское отделение
710 2 _aИнститут физико-технических проблем Севера СО АН СССР
090 _c283121
999 _c281465
_d281465